| 000 | 00586nam a2200181 a 4500 | ||
|---|---|---|---|
| 001 | 000031180 | ||
| 005 | 20241130074013.0 | ||
| 008 | 110614s2008 dr ac 000 0 spa d | ||
| 040 |
_aDO-SdBNP _bspa _cBNPHU |
||
| 082 |
_axxxx _bE42S |
||
| 100 | 1 |
_aElías, Carlos Francisco _957656 |
|
| 245 | 1 | 0 |
_aSacha Tebó : _bobras 1980-2004. / _cCarlos Francisco Elías, Odalis Pérez y Francisco Tobar. |
| 260 |
_aSanto Domingo : _bOrange, _c2008. |
||
| 300 |
_a[120 p.] : _bil., retrs. ; _c22 cm. |
||
| 700 | 1 |
_aPérez, Odalís _d1952- _923828 |
|
| 700 | 1 |
_aTobar, Francisco _957657 |
|
| 049 | _aBNPD | ||
| 999 |
_c30672 _d30672 |
||